Estudios sobre la araucana
Uloženo v:
| Hlavní autor: | |
|---|---|
| Médium: | Kniha |
| Jazyk: | španělština |
| Vydáno: |
Valparaíso
Universidad Católica de Valparaíso
1966
|
| Edice: | Cuaderno Letras, 1
|
| Témata: | |
| Tagy: |
Přidat tag
Žádné tagy, Buďte první, kdo vytvoří štítek k tomuto záznamu!
|
MARC
| LEADER | 00000nam a2200000 a 4500 | ||
|---|---|---|---|
| 001 | UCV9090 | ||
| 003 | CL-VaPUC | ||
| 008 | 920512e19660000CL |||||||||||||||||spa|d | ||
| 082 | 0 | 4 | |a 861.09 |b MON |2 21 |
| 100 | |a Montes Brunet, Hugo |e autor |9 416030 | ||
| 245 | 1 | 0 | |a Estudios sobre la araucana |
| 300 | |a 92 p | ||
| 942 | |c BK | ||
| 945 | |d 19920512 00:00:00 |a rbrito | ||
| 260 | |a Valparaíso |b Universidad Católica de Valparaíso |c 1966 | ||
| 600 | 0 | |a Ercilla y Zúñiga, Alonso de |e autor |9 267605 | |
| 583 | |a last modification |c 19920512 00:00:00 |k Rodrigo Vera | ||
| 490 | 0 | |a Cuaderno Letras, 1 | |
| 999 | |c 214483 |d 214481 | ||
| 952 | |0 0 |1 0 |4 0 |6 861_090000000000000_MON_1966 |7 0 |8 P |9 197876 |a BIBARQ |b BIBARQ |d 2019-11-14 |i 2655209 |o 861.09 MON 1966 |p 2655209 |r 2025-01-20 |w 2019-11-14 |y BK |k ARQ | ||
| 952 | |0 0 |1 0 |4 0 |6 861_090000000000000_MON_1966 |7 0 |8 A |9 197877 |a BIBEDU |b BIBEDU |d 2019-11-14 |i 143652K |o 861.09 MON 1966 |p 143652K |r 2019-11-14 |w 2019-11-14 |y BK |k LIT | ||
| 952 | |0 0 |1 0 |4 0 |6 861_090000000000000_MON_1966 |7 0 |8 A |9 197878 |a BIBEDU |b BIBEDU |d 2019-11-14 |i 1436546 |o 861.09 MON 1966 |p 1436546 |r 2019-11-14 |w 2019-11-14 |y BK |k LIT | ||
| 952 | |0 0 |1 0 |4 0 |6 861_090000000000000_MON_1966 |7 0 |8 A |9 197879 |a BIBEDU |b BIBEDU |d 2019-11-14 |i 1436538 |o 861.09 MON 1966 |p 1436538 |r 2019-11-14 |w 2019-11-14 |y BK |k LIT | ||
| 952 | |0 0 |1 0 |4 0 |6 861_090000000000000_MON_1966 |7 0 |8 A |9 197880 |a BIBEDU |b BIBEDU |d 2019-11-14 |i 1436554 |o 861.09 MON 1966 |p 1436554 |r 2019-11-14 |w 2019-11-14 |y BK |k LIT | ||
| 952 | |0 0 |1 0 |4 0 |6 861_090000000000000_MON_1966 |7 0 |8 A |9 197881 |a BIBEDU |b BIBEDU |d 2019-11-14 |i 1436600 |o 861.09 MON 1966 |p 1436600 |r 2019-11-14 |w 2019-11-14 |y BK |k LIT | ||
| 952 | |0 0 |1 0 |4 0 |6 861_090000000000000_MON_1966 |7 0 |8 A |9 197882 |a BIBEDU |b BIBEDU |d 2019-11-14 |i 1436562 |o 861.09 MON 1966 |p 1436562 |r 2019-11-14 |w 2019-11-14 |y BK |k LIT | ||
| 952 | |0 0 |1 0 |4 0 |6 861_090000000000000_MON_1966 |7 0 |8 A |9 197883 |a BIBEDU |b BIBEDU |d 2019-11-14 |i 1436619 |o 861.09 MON 1966 |p 1436619 |r 2019-11-14 |w 2019-11-14 |y BK |k LIT | ||
| 952 | |0 0 |1 0 |4 0 |6 861_090000000000000_MON_1966 |7 0 |8 A |9 197884 |a BIBEDU |b BIBEDU |d 2019-11-14 |i 1436570 |o 861.09 MON 1966 |p 1436570 |r 2019-11-14 |w 2019-11-14 |y BK |k LIT | ||
| 952 | |0 0 |1 0 |4 0 |6 861_090000000000000_MON_1966 |7 0 |8 A |9 197885 |a BIBEDU |b BIBEDU |d 2019-11-14 |i 1436627 |o 861.09 MON 1966 |p 1436627 |r 2019-11-14 |w 2019-11-14 |y BK |k LIT | ||
| 952 | |0 0 |1 0 |4 0 |6 861_090000000000000_MON_1966 |7 0 |8 A |9 197886 |a BIBEDU |b BIBEDU |d 2019-11-14 |i 1436589 |o 861.09 MON 1966 |p 1436589 |r 2019-11-14 |w 2019-11-14 |y BK |k LIT | ||